00847 2200289 4500001002100000005001700021008004100038020002200079035002400101041000800125043001300133082001100146090002100157100002100178245012700199250001000326260003100336300002400367440002900391650002500420700002100445700001900466700001800485700002000503850001200523999002200535YOGYA-0511000000152020110525104421.0 ind  a978-979-21-2495-8 0010-051100000001519 aInd aYOPD DIY a028.55 aDep 028.55 Jen K aJENNINGS, Sharon aKartu mainan FranklincSharon Jennings;penerjemah,Flora Maharani : ilustrator, Sean Jeffrey, Aliee sinker, Shelley Southem acet 1 aYogyakartabKanisiusc2010 a32 hlmbilusc23 cm aFranklin's trading cards aBacaan kanak - kanak aSouthem, Shelley aSinkner, Aliee aJeffrey, Sean aMaharani, Flora aYOPDYOG aCB-D.11 2010-1341